Procesos de control al aprovechamiento ilegal de fauna silvestre colombiana / (Registro nro. 5673)

Detalles MARC
000 -CABECERA
Campo de control 01141nam a2200289 i 4500
005 - FECHA Y HORA DE LA ULTIMA TRANSACCION
Campo de control 20180312145612.0
008 - ELEMENTOS DE LONGITUD FIJA—INFORMACION GENERAL
Campo de control 160105s ck a |r|||| 00| 0 spa d
040 ## - FUENTE DE CATALOGACIÓN
Agencia catalogadora original CO-BoIAVH
Agencia transcriptora CO-BoIAVH
041 ## - IDIOMA
Código de idioma para texto/pista de sonido o título separado Español
044 ## - PAÍS DE PUBLICACIÓN
País de publicación Colombia
090 ## - CLASIFICACIÓN LOCAL
Colección FG-
Consecutivo 0235
110 2# - ASIENTO PRINCIPAL--NOMBRE CORPORATIVO
Nombre corporativo o de jurisdicción como elemento de entrada Colombia.
Unidad subordinad Corantioquia
9 (RLIN) 90434
245 10 - MENCION DE TITULO
Título Procesos de control al aprovechamiento ilegal de fauna silvestre colombiana /
Mención de responsabilidad Juan Camilo Restrepo Llano y (otros tres autores).
260 ## - PUBLICACION, DISTRIBUCION, ETC. (PIE DE IMPRENTA)
Lugar de publicación, distribución, etc. Medellín :
Nombre del editor, distribuidor, etc. Corantioquia,
Fecha de publicación, distribución, etc. 2006.
300 ## - DESCRIPCION FISICA
Extensión 87 páginas,
Otros detalles físicos ilustraciones a color,
Dimensiones 13 cm.
650 14 - ASIENTO SECUNDARIO DE MATERIA - TERMINO TEMATICO
Término temático o nombre geográfico como elemento de entrada Fauna colombiana
Subdivisión de forma Manual
Subdivisión geográfica Colombia
9 (RLIN) 90436
650 24 - ASIENTO SECUNDARIO DE MATERIA - TERMINO TEMATICO
Término temático o nombre geográfico como elemento de entrada Diversidad biológica
Subdivisión de forma Manual
Subdivisión geográfica Colombia
9 (RLIN) 90438
650 24 - ASIENTO SECUNDARIO DE MATERIA - TERMINO TEMATICO
Término temático o nombre geográfico como elemento de entrada Conservación de la vida silvestre
Subdivisión de forma Manual
9 (RLIN) 90439
650 24 - ASIENTO SECUNDARIO DE MATERIA - TERMINO TEMATICO
Término temático o nombre geográfico como elemento de entrada Conservación biológica
Subdivisión de forma Manual
Subdivisión geográfica Colombia
9 (RLIN) 90440
650 24 - ASIENTO SECUNDARIO DE MATERIA - TERMINO TEMATICO
Término temático o nombre geográfico como elemento de entrada Zoología
Subdivisión general Conservación de especies
Subdivisión de forma Manual
Subdivisión geográfica Colombia
9 (RLIN) 90442
650 24 - ASIENTO SECUNDARIO DE MATERIA - TERMINO TEMATICO
Término temático o nombre geográfico como elemento de entrada Especies amenazadas
Subdivisión de forma Manual
Subdivisión geográfica Colombia
9 (RLIN) 90443
700 1# - ASIENTO SECUNDARIO - NOMBRE PERSONAL
Nombre personal Osorio Giraldo, Bertha Janeth
9 (RLIN) 46596
700 1# - ASIENTO SECUNDARIO - NOMBRE PERSONAL
Nombre personal Arango Pérez, Ana María
9 (RLIN) 46597
700 1# - ASIENTO SECUNDARIO - NOMBRE PERSONAL
Nombre personal Franco Sierra, Alberto
9 (RLIN) 46598
942 ## - ELEMENTOS ADICIONALES (KOHA)
Tipo de ítem Folleto
Sistema de clasificación Local
945 ## - PROCESAMIENTO LOCAL
AAAA-MM-DD - Fecha de ingreso o modificacion 2007-07-11
Existencias
Withdrawn status Lost status Sistema de Clasificación Damaged status No para préstamo Colección Ubicación Permanente Ubicación actual Fecha de adquisición Fuente de Valor Valor Total Checkouts Número topográfico Inventario / Código de Barras Date last seen Ejemplar Price effective from Forma de adquisición Tipo de material
    Dewey Decimal Classification     Hemeroteca Bogotá Bogotá 11/07/2007 Instituto 15000.00   FG-0235 024721 04/12/2012 Ej. 1 04/12/2012 Donación Folleto
    Dewey Decimal Classification     Hemeroteca Bogotá Bogotá 06/06/2017 Instituto 15000.00   FG-0235 041350 06/06/2017 Ej. 2 06/06/2017 Donación Folleto
    Dewey Decimal Classification     Hemeroteca Bogotá Bogotá 02/10/2017 Instituto 15000.00   FG-0235 041712 02/10/2017 Ej. 3 02/10/2017 Donación Folleto